000 01364cam a2200337 a 4500
999 _c6969
_d6969
001 3038620
003 GBCCL
005 20241126110616.0
008 950217s1994 ilu 001 0 eng
010 _a 95118357
020 _a0802407684
040 _aDLC
_cDLC
_dDLC
050 0 0 _aBS2625.3
_b.M24 1994
082 0 0 _a225.77
_220
_bMAC
100 1 _aMacArthur, John,
_d1939-
_91165
245 1 0 _aRomans 9-16 /
_cJohn MacArthur, Jr.
246 3 _aRomans nine-sixteen
260 _aChicago :
_bMoody Press,
_cc1994.
300 _avi, 402 p. ;
_c24 cm.
490 1 _aThe MacArthur New Testament commentary
500 _aIncludes index.
630 0 0 _aBible.
_pRomans, IX-XVI
_xCommentaries.
_912406
730 0 2 _aBible.
_pRomans, IX-XVI.
_lEnglish.
_sNew American Standard.
_f1991.
_912407
800 1 _aMacArthur, John,
_d1939-
_tMacArthur New Testament commentary.
_912401
856 4 2 _3Publisher description
_uhttp://www.loc.gov/catdir/enhancements/fy0609/95118357-d.html
856 4 1 _3Table of contents only
_uhttp://www.loc.gov/catdir/enhancements/fy1202/95118357-t.html
856 4 2 _3Contributor biographical information
_uhttp://www.loc.gov/catdir/enhancements/fy1202/95118357-b.html
906 _a7
_bcbc
_corignew
_d2
_encip
_f19
_gy-gencatlg
942 _2ddc
_cREF